• 首页
  • 本馆介绍
  • 公告通知
  • 最新文献
  • 馆藏检索
  • 电子资源
  • 读者导购
  • 参考咨询
  • 我的图书馆
  • 登录
  • 详细信息显示
  • 放入我的书架
  • 预约/预借图书
  • 作者相关作品
  • 分类相关作品
  • 丛书相关作品
  • 出版社相关作品

书目信息

  • 表格格式
  • 工作单格式
  • 卡片格式
题名:
声乐曲作学
    
 
作者: 刘聪 著
分册: 下  
出版信息: 上海   上海音乐出版社  2019.2
页数: 321-826页
开本: 24cm
丛书名: 声乐艺术教育新学科丛书
单 册:
中图分类: J614 , J616
科图分类:
主题词: 作曲理论--高等学校--教材 , 声乐艺术--高等学校--教材
电子资源:
ISBN: 978-7-5523-1693-3
000 01170nam 2200325 45
001 012001001410
005 20211020101201.66
010    @a978-7-5523-1693-3@dCNY74.00
099    @aCAL 012019068452
100    @a20190527d2019 em y0chiy0110 ea
101 0  @achi@eeng
102    @aCN@b310000
105    @ag z 000yy
106    @ar
200 1  @a声乐曲作学@Asheng yue qu zuo xue@d= Vocal music composition@h下@f刘聪著@zenf
210    @a上海@c上海音乐出版社@d2019.2
215    @a321-826页@c乐谱@d24cm
225 2  @a声乐艺术教育新学科丛书@Asheng yue yi shu jiao yu xin xue ke cong shu
300    @a并列题名:Vocal music composition
304    @a中国教育学会音乐教育分会声乐学术委员会组编
330    @a本书除导论外,分上、下两卷,上卷为单声部与中小型声乐作品创作,下卷为多声部与大型声乐作品创作,并在各章节安排了各种类型作品的创作习题。
461  0 @12001 @a声乐艺术教育新学科丛书
510 1  @aVocal music composition@zeng
606 0  @a作曲理论@x高等学校@j教材
606 0  @a声乐艺术@x高等学校@j教材
690    @aJ614@v5
690    @aJ616@v5
701  0 @a刘聪@ALiu Cong@4著
801    @aCN@b江苏凤凰@c20211018
905    @b1343392-5@dJ614@e1333:2@f4
    
    声乐曲作学= Vocal music composition.下/刘聪著.-上海:上海音乐出版社,2019.2
    321-826页:乐谱;24cm.-(声乐艺术教育新学科丛书)
    并列题名:Vocal music composition
    
    ISBN 978-7-5523-1693-3:CNY74.00
    本书除导论外,分上、下两卷,上卷为单声部与中小型声乐作品创作,下卷为多声部与大型声乐作品创作,并在各章节安排了各种类型作品的创作习题。
●
相关链接 在E读中查询图书 在五车中查询图书 在当当中查询图书 在豆瓣中查询图书


正题名:声乐曲作学     索取号:J614/1333:2         预约/预借

序号 登录号 条形码 馆藏地/架位号 状态 备注
1 1343392   213433925   第一样本阅览室/ [索取号:J614/1333:2] 在馆    
2 1343393   213433934   第一借阅区/ [索取号:J614/1333:2] 在馆    
3 1343394   213433943   第一借阅区/ [索取号:J614/1333:2] 在馆    
4 1343395   213433952   第一借阅区/ [索取号:J614/1333:2] 在馆    
唐山师范学院图书馆 欢迎您!
大连网信软件有限公司© 版权所有